Služby pro přípravu a realizaci privatizace.

Rozhodujúca úloha peňažných ústavov pri privatizácii podnikov. Vymedzenie vlastníckych vzťahov a ocenenie podnikov. Vyčíslenie čistých a korigovaných aktív. Použitie porovnávacieho ocenenia kombináciou viacerých metód. Realizačná fáza privatizačného projektu.

Salvato in:
Dettagli Bibliografici
Autore principale: Chalupa, S.
Natura: Capitolo di libro
Lingua:ceco
Soggetti:
Tags: Aggiungi Tag
Nessun Tag, puoi essere il primo ad aggiungerne!!

MARC

LEADER 00000naa a2200000 4500
001 r004035
005 20221125075909.9
041 0 |a cze 
044 |a [CS] 
245 1 0 |a Služby pro přípravu a realizaci privatizace.  |c S. Chalupa 
520 |a Rozhodujúca úloha peňažných ústavov pri privatizácii podnikov. Vymedzenie vlastníckych vzťahov a ocenenie podnikov. Vyčíslenie čistých a korigovaných aktív. Použitie porovnávacieho ocenenia kombináciou viacerých metód. Realizačná fáza privatizačného projektu. 
610 2 0 |a služby 
610 2 0 |a privatizácia 
610 2 0 |a podnik 
610 2 0 |a banky 
610 2 0 |a hospodárstvo trhové 
100 1 |a Chalupa, S.